Identifikácia a charakterizácia bakteriálnych izolátov z archeologických nálezísk
Saved in:
| Main Author: | |
|---|---|
| Other Authors: | |
| Format: | Manuscript Book |
| Language: | Slovak |
| Published: |
2016
|
| Subjects: | |
| Online Access: | http://is.stuba.sk/zp/portal_zp.pl?podrobnosti=131775 |
| Tags: |
No Tags, Be the first to tag this record!
|
MARC
| LEADER | 00000ntm a22000003a 4500 | ||
|---|---|---|---|
| 001 | stuzp58432 | ||
| 003 | SK-STU | ||
| 005 | 20160719155549.7 | ||
| 007 | ta | ||
| 008 | 150427s2015----xo-----f-mn---000-0-slo-d | ||
| 040 | |a STU |b slo | ||
| 041 | 0 | |a slo | |
| 100 | 1 | |a Thomay, Simon |u 043000 |4 aut |U FCHPT Fakulta chemickej a potravinárskej technológie |T FCHPT Ústav biochémie a mikrobiológie |X 42801 |U C3000 |Y 101 |7 42801 | |
| 242 | 0 | 1 | |a Identification and characterization of bacterial isolates from archeological site |y eng |
| 245 | 1 | 0 | |a Identifikácia a charakterizácia bakteriálnych izolátov z archeologických nálezísk |
| 260 | |c 2016 | ||
| 650 | 4 | |a Paleomikrobiológia |2 slo | |
| 650 | 4 | |a 16S rDNA |2 slo | |
| 650 | 4 | |a MALDI TOF MS Biotyping |2 slo | |
| 650 | 4 | |a Identifikácia baktérií polyfázovým prístupom |2 slo | |
| 650 | 4 | |a antimikrobiálna aktivita |2 slo | |
| 650 | 4 | |a Paleomicrobiology |2 eng | |
| 650 | 4 | |a bacterial identification by various methods |2 eng | |
| 650 | 4 | |a 16S rDNA sequencing |2 eng | |
| 650 | 4 | |a MALDI TOF MS Biotyping |2 eng | |
| 650 | 4 | |a antimicrobial activity |2 eng | |
| 700 | 1 | |a Olejníková, Petra |u 043000 |k Z2 |4 ths |U FCHPT Fakulta chemickej a potravinárskej technológie |T FCHPT Ústav biochémie a mikrobiológie |X 3976 |U C3000 |Y 101 |7 A000003976 | |
| 856 | 4 | |u http://is.stuba.sk/zp/portal_zp.pl?podrobnosti=131775 | |
| SQL | |a stuzp58432 |b DDP |c SLO |d Identifikácia a charakterizácia bakteriálnych izolátov z archeologických nálezísk |e 42801 |f Thomay, Simon |g 043000 |h 3976 |i Olejníková, Petra |j 20160606 |k 1392 |l 04 |m http://is.stuba.sk/zp/portal_zp.pl?podrobnosti=131775 |n I-BBT |o 5.2.25. biotechnológie, 4.1.14. chémia | ||